Statistiques concernant Culture Générale - Série 1316

Cliquez ici pour prendre le quiz!

Statistiques générales

  • Ce quiz a été pris 67 fois
  • Le résultat moyen est 5 sur 10

Statistiques - réponses

QuestionRéponse% Correct
Quelle est la monnaie officielle de l'Argentine ?peso
81%
De quel astre un sélénite est-il un habitant imaginaire ?lune
78%
Quel animal domestique qualifie-t-on de "haret", lorsqu'il est revenu à l'état sauvage ?chat
73%
Quel est le nom du quartier central de Moscou où siège le gouvernement russe ?Kremlin
60%
Dans le Massif central, quel nom de trois lettres désigne une montagne volcanique ?puy
48%
Dans l'alphabet phonétique de l'OTAN, la lettre "C" est désignée par le nom "Charlie". Quel nom désigne la lettre "W" ?Whisky
40%
Dans quel château de l'Oise peut-on visiter le musée Condé ?château de Chantilly
30%
Comment appelle-t-on l'élevage des vers de terre ?lombriculture
19%
Quel est le prénom du pilote brésilien de Formule 1 Barrichello ?Rubens
17%
Comment s'appellent les habitants de Meaux ?Meldois
16%

Distribution des résultats

Percentile par nombre de réponses

% des personnes avec chaque résultat

Votre développement - résultats

Vous n’avez pas pris ce quiz